<?xml version="1.0" encoding="UTF-8"?><?xml-stylesheet type="text/xsl" href="static/style.xsl"?><OAI-PMH xmlns="http://www.openarchives.org/OAI/2.0/" xmlns:xsi="http://www.w3.org/2001/XMLSchema-instance" xsi:schemaLocation="http://www.openarchives.org/OAI/2.0/ http://www.openarchives.org/OAI/2.0/OAI-PMH.xsd"><responseDate>2026-04-17T04:24:22Z</responseDate><request verb="GetRecord" identifier="oai:www.recercat.cat:10459.1/466860" metadataPrefix="marc">https://recercat.cat/oai/request</request><GetRecord><record><header><identifier>oai:recercat.cat:10459.1/466860</identifier><datestamp>2025-09-15T18:35:35Z</datestamp><setSpec>com_2072_3622</setSpec><setSpec>col_2072_479130</setSpec></header><metadata><record xmlns="http://www.loc.gov/MARC21/slim" xmlns:dcterms="http://purl.org/dc/terms/" xmlns:xsi="http://www.w3.org/2001/XMLSchema-instance" xmlns:doc="http://www.lyncode.com/xoai" xsi:schemaLocation="http://www.loc.gov/MARC21/slim http://www.loc.gov/standards/marcxml/schema/MARC21slim.xsd">
   <leader>00925njm 22002777a 4500</leader>
   <datafield ind2=" " ind1=" " tag="042">
      <subfield code="a">dc</subfield>
   </datafield>
   <datafield ind2=" " ind1=" " tag="720">
      <subfield code="a">Grup de Recerca Infància, Adolescència i Families (GRIAF)</subfield>
      <subfield code="e">author</subfield>
   </datafield>
   <datafield ind2=" " ind1=" " tag="260">
      <subfield code="c">2024</subfield>
   </datafield>
   <datafield ind2=" " ind1=" " tag="520">
      <subfield code="a">El Triángulo P+. En Modelo FRAME+P. Recursos y estrategias para la acción socioeducativa con familias. www.modeloframe.com. Balsells, M.À. (dir.) (2024)</subfield>
   </datafield>
   <datafield ind2=" " ind1=" " tag="520">
      <subfield code="a">The Triangle P+ (Positive Parenting Triangle) is a graphic representation of how parenting is exercised, based on the ecological model for understanding family dynamics and child and adolescent development. It facilitates an ecosystemic understanding of the needs of children and adolescents as well as situations of abuse and neglect.
The Triangle P+ represents the developmental needs of children, parental competencies, and the family psychosocial context. The wellbeing of each child emanates from the interaction between these three dimensions. It is a visual tool that foster active engagement of families during the process of individualised-family action, encouraging dialogue as a facilitator for analysis and reflection. It is an object of permanence, personalised under continuous construction involving the entire family in which guided reflections are collected, in different languages and formats, to comprehend their potentials, difficulties, and challenges to better respond to children and adolescents’ needs.</subfield>
   </datafield>
   <datafield ind2=" " ind1=" " tag="520">
      <subfield code="a">Ministry of Science and Innovation PID2022-137305NB-C21</subfield>
   </datafield>
   <datafield tag="653" ind2=" " ind1=" ">
      <subfield code="a">Triangle P+</subfield>
   </datafield>
   <datafield tag="653" ind2=" " ind1=" ">
      <subfield code="a">Participation</subfield>
   </datafield>
   <datafield tag="653" ind2=" " ind1=" ">
      <subfield code="a">Family Support</subfield>
   </datafield>
   <datafield ind2="0" ind1="0" tag="245">
      <subfield code="a">Triangle P+ dimensions</subfield>
   </datafield>
</record></metadata></record></GetRecord></OAI-PMH>